| 000 | 00577nam a22001937a 4500 | ||
|---|---|---|---|
| 008 | 160930b xxu||||| |||| 00| 0 eng d | ||
| 020 | _a9780205208428 | ||
| 050 | _aHQ 767.9 .F45 2012 | ||
| 100 | _aFeldman,Robert S. | ||
| 245 |
_aChild Development/ _cRobert S. Feldman |
||
| 250 | _a6th ed. | ||
| 260 |
_aBoston: _bPearson , _cc2012 |
||
| 300 |
_axxv, 524p. : _bill. ; |
||
| 500 | _aincludes references and index. | ||
| 650 | _aChild Development | ||
| 650 | _aChild Psychology | ||
| 650 | _aAdolescence | ||
| 942 |
_2lcc _cBOOKS _hHQ 767.9 .F45 2012 _01 |
||
| 999 |
_c14395 _d14395 |
||